=LDR 00000nam 2200000 4500 =001 INLIS000000000034385 =005 20130612140308 =008 ***********************************ind** =035 ##$$a0010-061300000034385 =041 ##$$a ind =082 ##$$a 635.5 =090 ##$$a 635.5, Suw b =100 ##$$a Suwito M =245 ##$$a Bercocok tanam seledri, Khasiat seledri sebagai obat/Ds.Soewito M =260 ##$$a [19..?] $b Jakarta =300 ##$$a 67 hlm., Ilus., 21 cm =650 ##$$a Seledri =850 ##$$a NBPNMAT =990 ##$$a 91523/BPAP-NTB/2014 =990 ##$$a 91524/BPAP-NTB/2014